[Event "Wolrd Chess Olympiad 2018"]
[Site "Batumi"]
[Date "2018.09.26"]
[Round "3"]
[Board "1"]
[WhiteFideId "22600078"]
[White "Barcon Harmon"]
[BlackFideId "8800081"]
[Black "Black Richard"]
[Result "1-0"]
[LiveChessVersion "1.4.8"]
[BlackElo "2218"]
[WhiteElo "1896"]

1. e4 {[%clk 1:30:57]} d6 {[%clk 1:30:58]} 2. Nf3 {[%clk 1:30:49]} Nf6
{[%clk 1:31:25]} 3. c3 {[%clk 1:30:46]} c6 {[%clk 1:30:32]} 4. Bd3
{[%clk 1:31:00]} Bg4 {[%clk 1:30:16]} 5. Bc2 {[%clk 1:31:07]} e6 {[%clk 1:30:06]}
6. d4 {[%clk 1:31:34]} Be7 {[%clk 1:30:06]} 7. Be3 {[%clk 1:31:58]} O-O
{[%clk 1:29:58]} 8. Nbd2 {[%clk 1:32:27]} d5 {[%clk 1:29:40]} 9. h3
{[%clk 1:32:37]} Bh5 {[%clk 1:28:36]} 10. e5 {[%clk 1:32:49]} Nfd7
{[%clk 1:28:34]} 11. O-O {[%clk 1:33:15]} c5 {[%clk 1:28:06]} 12. Re1
{[%clk 1:32:57]} Nc6 {[%clk 1:27:40]} 13. Nf1 {[%clk 1:33:10]} cxd4
{[%clk 1:26:42]} 14. cxd4 {[%clk 1:33:15]} Rc8 {[%clk 1:26:24]} 15. a3
{[%clk 1:33:36]} Nb6 {[%clk 1:21:29]} 16. b3 {[%clk 1:28:27]} Qc7
{[%clk 1:19:52]} 17. Bd3 {[%clk 1:25:51]} Na5 {[%clk 1:17:14]} 18. Bd2
{[%clk 1:25:15]} Nc6 {[%clk 1:15:59]} 19. Be3 {[%clk 1:22:48]} Bg6
{[%clk 1:12:46]} 20. Bxg6 {[%clk 1:21:54]} fxg6 {[%clk 1:07:35]} 21. Qd2
{[%clk 1:21:56]} a5 {[%clk 1:05:14]} 22. Rec1 {[%clk 1:18:57]} a4
{[%clk 1:02:53]} 23. bxa4 {[%clk 1:17:06]} Nc4 {[%clk 1:01:12]} 24. Qd3
{[%clk 1:14:54]} N6a5 {[%clk 0:58:06]} 25. Bd2 {[%clk 1:12:39]} Nc6
{[%clk 0:39:36]} 26. Ne3 {[%clk 1:06:01]} Nxd2 {[%clk 0:39:09]} 27. Qxd2
{[%clk 1:05:39]} Ra8 {[%clk 0:38:58]} 28. Nd1 {[%clk 0:59:45]} Rxa4
{[%clk 0:28:29]} 29. Nc3 {[%clk 0:58:35]} Rc4 {[%clk 0:27:24]} 30. Nb5
{[%clk 0:58:13]} Rxc1+ {[%clk 0:26:58]} 31. Rxc1 {[%clk 0:58:33]} Qb6
{[%clk 0:26:30]} 32. Rb1 {[%clk 0:57:39]} Ra8 {[%clk 0:20:12]} 33. Qd3
{[%clk 0:57:24]} Qa6 {[%clk 0:17:22]} 34. Qe3 {[%clk 0:54:50]} Qb6
{[%clk 0:15:18]} 35. Qc1 {[%clk 0:52:45]} Qd8 {[%clk 0:13:28]} 36. Ne1
{[%clk 0:42:19]} Rc8 {[%clk 0:08:34]} 37. Qd1 {[%clk 0:41:36]} Na5
{[%clk 0:07:22]} 38. Qg4 {[%clk 0:39:04]} Qd7 {[%clk 0:05:28]} 39. Nd3
{[%clk 0:38:33]} Nc4 {[%clk 0:04:01]} 40. a4 {[%clk 1:02:04]} g5 {[%clk 0:31:01]}
41. Qd1 {[%clk 0:59:31]} Ra8 {[%clk 0:28:08]} 42. Qc2 {[%clk 0:53:51]} Qd8
{[%clk 0:26:53]} 43. Nb2 {[%clk 0:45:13]} Na5 {[%clk 0:21:27]} 44. Rc1
{[%clk 0:45:05]} Nc6 {[%clk 0:21:33]} 45. Nd3 {[%clk 0:45:08]} Qb6
{[%clk 0:21:08]} 46. Qb3 {[%clk 0:38:16]} Na5 {[%clk 0:19:08]} 47. Qd1
{[%clk 0:37:16]} Nc6 {[%clk 0:19:02]} 48. Nc5 {[%clk 0:36:08]} Bxc5
{[%clk 0:17:58]} 49. Rxc5 {[%clk 0:36:04]} h6 {[%clk 0:14:46]} 50. Qc2
{[%clk 0:34:46]} Qa5 {[%clk 0:11:08]} 51. Nd6 {[%clk 0:29:03]} Qxa4
{[%clk 0:09:19]} 52. Qg6 {[%clk 0:29:01]} Qa1+ {[%clk 0:06:13]} 53. Kh2
{[%clk 0:29:01]} Qxd4 {[%clk 0:06:17]} 54. Qxe6+ {[%clk 0:29:13]} Kh7
{[%clk 0:05:22]} 55. Qf5+ {[%clk 0:29:06]} Kg8 {[%clk 0:05:02]} 56. Qf7+
{[%clk 0:28:17]} Kh8 {[%clk 0:04:32]} 57. Rxd5 {[%clk 0:28:24]} Qf4+
{[%clk 0:04:05]} 58. Qxf4 {[%clk 0:27:56]} gxf4 {[%clk 0:04:34]} 59. Nxb7
{[%clk 0:27:31]} Re8 {[%clk 0:04:06]} 60. Nd6 {[%clk 0:27:35]} Re7
{[%clk 0:03:48]} 61. h4 {[%clk 0:26:32]} Kg8 {[%clk 0:03:39]} 62. Nc4
{[%clk 0:26:13]} Kf7 {[%clk 0:02:42]} 63. Kh3 {[%clk 0:26:21]} Nb4
{[%clk 0:02:46]} 64. Rd4 {[%clk 0:25:52]} Nc6 {[%clk 0:02:05]} 65. Rxf4+
{[%clk 0:25:39]} Ke6 {[%clk 0:02:07]} 66. Re4 {[%clk 0:25:28]} Kd5
{[%clk 0:01:12]} 67. f3 {[%clk 0:25:44]} Nxe5 {[%clk 0:00:40]} 68. Nxe5
{[%clk 0:26:04]} 1-0

[Event "Wolrd Chess Olympiad 2018"]
[Site "Batumi"]
[Date "2018.09.26"]
[Round "3"]
[Board "2"]
[WhiteFideId "8800871"]
[White "Gontcharov Serguei"]
[BlackFideId "22600124"]
[Black "Jacob Jallah"]
[Result "1-0"]
[LiveChessVersion "1.4.8"]
[BlackElo "1835"]
[WhiteElo "1875"]

1. e4 {[%clk 1:30:57]} c6 {[%clk 1:30:34]} 2. d4 {[%clk 1:31:21]} d5
{[%clk 1:30:58]} 3. e5 {[%clk 1:31:44]} Bf5 {[%clk 1:31:20]} 4. h4
{[%clk 1:32:08]} h5 {[%clk 1:28:22]} 5. c4 {[%clk 1:32:22]} e6 {[%clk 1:27:19]}
6. Nc3 {[%clk 1:32:45]} Bb4 {[%clk 1:26:11]} 7. a3 {[%clk 1:25:50]} Be7
{[%clk 1:23:57]} 8. Nf3 {[%clk 1:18:45]} Bg4 {[%clk 1:22:59]} 9. cxd5
{[%clk 1:15:01]} cxd5 {[%clk 1:23:10]} 10. Bb5+ {[%clk 1:10:23]} Kf8
{[%clk 1:22:16]} 11. g3 {[%clk 1:02:44]} Bxf3 {[%clk 1:20:09]} 12. Qxf3
{[%clk 1:03:07]} Qb6 {[%clk 1:20:01]} 13. O-O {[%clk 0:47:28]} a6
{[%clk 1:20:02]} 14. Ba4 {[%clk 0:46:43]} Qxd4 {[%clk 1:18:09]} 15. Bf4
{[%clk 0:39:57]} Nc6 {[%clk 1:15:29]} 16. Rfe1 {[%clk 0:38:14]} b5
{[%clk 1:13:19]} 17. Bb3 {[%clk 0:33:54]} Rd8 {[%clk 1:09:14]} 18. Rad1
{[%clk 0:31:34]} Qc5 {[%clk 1:07:04]} 19. Ne2 {[%clk 0:28:08]} g6
{[%clk 1:01:11]} 20. Rc1 {[%clk 0:25:10]} Qb6 {[%clk 1:00:36]} 21. Qc3
{[%clk 0:23:40]} Nb8 {[%clk 0:59:09]} 22. Be3 {[%clk 0:23:01]} Qb7 23. Nf4
{[%clk 0:17:27]} Nh6 {[%clk 0:56:01]} 24. Bxd5 {[%clk 0:10:12]} b4
{[%clk 0:54:13]} 25. Bxb7 {[%clk 0:09:03]} bxc3 {[%clk 0:54:09]} 26. Rxc3
{[%clk 0:08:39]} Kg7 {[%clk 0:53:14]} 27. Rc7 {[%clk 0:08:24]} Nf5
{[%clk 0:52:28]} 28. Bc5 {[%clk 0:05:29]} Bxc5 {[%clk 0:52:09]} 29. Rxc5
{[%clk 0:05:57]} Rd2 {[%clk 0:51:51]} 30. Rc7 {[%clk 0:04:17]} Re8
{[%clk 0:51:28]} 31. b4 {[%clk 0:04:17]} Nd4 32. Kg2 {[%clk 0:04:00]} Nb5
{[%clk 0:48:27]} 33. Rc5 {[%clk 0:02:23]} Re7 {[%clk 0:48:05]} 34. Bxa6
{[%clk 0:02:23]} Nxa3 {[%clk 0:48:17]} 35. Bf1 {[%clk 0:01:47]} Nc2
{[%clk 0:47:40]} 36. Rb1 {[%clk 0:01:31]} Rb7 {[%clk 0:47:31]} 37. b5
{[%clk 0:01:27]} Nd7 {[%clk 0:47:41]} 38. Rc3 {[%clk 0:00:53]} Nxe5
{[%clk 0:47:54]} 39. Kg1 {[%clk 0:00:38]} Nd4 {[%clk 0:47:44]} 40. Bg2
{[%clk 0:30:37]} Rb6 {[%clk 1:17:52]} 41. Rc7 {[%clk 0:19:57]} Kf6
{[%clk 1:15:44]} 42. Bf1 {[%clk 0:09:14]} Ng4 {[%clk 1:14:11]} 43. Nh3
{[%clk 0:08:23]} Ne5 {[%clk 1:11:52]} 44. Nf4 {[%clk 0:07:36]} Kg7
{[%clk 1:11:04]} 45. Rb4 {[%clk 0:06:26]} Ng4 {[%clk 1:09:19]} 46. Nd3
{[%clk 0:02:10]} e5 {[%clk 1:07:37]} 47. Rc1 {[%clk 0:01:25]} Nc2
{[%clk 1:06:52]} 48. Rb2 {[%clk 0:01:23]} e4 {[%clk 1:06:57]} 49. Nf4
{[%clk 0:00:53]} e3 {[%clk 1:05:01]} 50. Rbxc2 {[%clk 0:00:41]} exf2+
{[%clk 1:03:04]} 51. Kh1 {[%clk 0:00:46]} Rbd6 {[%clk 1:01:12]} 52. Rxd2
{[%clk 0:00:55]} Rxd2 {[%clk 1:01:39]} 53. b6 {[%clk 0:00:37]} Rb2
{[%clk 1:01:44]} 54. Nd5 {[%clk 0:00:57]} Ne5 {[%clk 1:01:09]} 55. Ba6
{[%clk 0:00:47]} Nd7 {[%clk 0:59:18]} 56. b7 {[%clk 0:01:01]} f1=Q+
{[%clk 0:53:17]} 57. Rxf1 {[%clk 0:01:00]} Nc5 {[%clk 0:53:22]} 58. Ra1
{[%clk 0:00:38]} Nxa6 {[%clk 0:53:22]} 59. Rxa6 {[%clk 0:01:05]} Rxb7
{[%clk 0:53:34]} 60. Nf4 {[%clk 0:01:27]} Rd7 {[%clk 0:51:29]} 61. Kg2
{[%clk 0:01:36]} Rd2+ {[%clk 0:50:57]} 62. Kf3 {[%clk 0:02:00]} Rd4
{[%clk 0:50:24]} 63. Ra7 {[%clk 0:02:20]} Rb4 {[%clk 0:50:36]} 64. Re7
{[%clk 0:02:40]} Kf8 {[%clk 0:49:36]} 65. Rd7 {[%clk 0:02:58]} Ke8
{[%clk 0:49:36]} 66. Rc7 {[%clk 0:03:07]} Kf8 {[%clk 0:49:20]} 67. Rd7
{[%clk 0:03:33]} Ke8 {[%clk 0:48:45]} 68. Rc7 {[%clk 0:03:59]} Kf8
{[%clk 0:48:38]} 69. Rc8+ {[%clk 0:04:21]} Kg7 {[%clk 0:48:54]} 70. Rc7
{[%clk 0:04:42]} Kf8 {[%clk 0:48:42]} 71. Nd5 {[%clk 0:03:55]} Rd4
{[%clk 0:48:10]} 72. Nf6 {[%clk 0:04:02]} Kg7 {[%clk 0:47:50]} 73. Ne4
{[%clk 0:04:16]} Rd5 {[%clk 0:47:12]} 74. Ng5 {[%clk 0:03:47]} Rf5+
{[%clk 0:47:20]} 75. Ke4 {[%clk 0:04:05]} Kf8 {[%clk 0:47:24]} 76. Nh7+
{[%clk 0:04:16]} Kg7 {[%clk 0:47:34]} 77. Ng5 {[%clk 0:04:39]} Kf8
{[%clk 0:47:42]} 78. Rd7 {[%clk 0:04:54]} Ke8 {[%clk 0:47:17]} 79. Rc7
{[%clk 0:05:13]} Kf8 {[%clk 0:47:37]} 80. Rd7 {[%clk 0:05:20]} Ke8
{[%clk 0:47:57]} 81. Rd5 {[%clk 0:05:30]} Rf2 {[%clk 0:46:07]} 82. Ke3
{[%clk 0:04:50]} Rf6 {[%clk 0:43:47]} 83. Re5+ {[%clk 0:05:13]} Kd8
{[%clk 0:44:10]} 84. Ke4 {[%clk 0:05:32]} Rf1 {[%clk 0:44:28]} 85. Nf3
{[%clk 0:04:26]} Ra1 {[%clk 0:43:23]} 86. Kf4 {[%clk 0:04:16]} Ra6
{[%clk 0:42:55]} 87. Re4 {[%clk 0:04:25]} Rf6+ {[%clk 0:42:51]} 88. Ke3
{[%clk 0:04:37]} Kd7 {[%clk 0:41:37]} 89. Ne5+ {[%clk 0:04:18]} Kd6
{[%clk 0:39:18]} 90. Kd4 {[%clk 0:03:51]} Rf1 {[%clk 0:38:25]} 91. Nc4+
{[%clk 0:03:50]} Kd7 {[%clk 0:36:39]} 92. Ne5+ {[%clk 0:03:02]} Kd6
{[%clk 0:35:17]} 93. Nc4+ {[%clk 0:03:01]} Kd7 {[%clk 0:35:00]} 94. Rf4
{[%clk 0:02:36]} Rxf4+ {[%clk 0:33:29]} 95. gxf4 {[%clk 0:03:02]} f6
{[%clk 0:33:20]} 96. Ke4 {[%clk 0:01:06]} Ke6 {[%clk 0:33:26]} 97. Ne3
{[%clk 0:01:16]} Kd6 {[%clk 0:31:19]} 98. Kf3 {[%clk 0:00:52]} Ke6
{[%clk 0:31:20]} 99. Ke4 {[%clk 0:01:14]} Kd6 {[%clk 0:31:43]} 100. Nc4+
{[%clk 0:01:38]} Ke6 {[%clk 0:31:38]} 101. Ne3 {[%clk 0:01:59]} Kd6
{[%clk 0:31:56]} 102. Nc4+ {[%clk 0:01:21]} Ke6 {[%clk 0:32:14]} 103. Nb6
{[%clk 0:01:43]} g5 {[%clk 0:30:20]} 104. fxg5 {[%clk 0:01:15]} fxg5
{[%clk 0:30:47]} 105. hxg5 {[%clk 0:01:30]} h4 {[%clk 0:31:08]} 106. Nd5
{[%clk 0:00:47]} Kf7 {[%clk 0:30:50]} 107. Nf4 {[%clk 0:00:53]} Kg7 108. Kf3
{[%clk 0:01:07]} h3 {[%clk 0:31:34]} 109. Nxh3 {[%clk 0:01:30]} Kg6
{[%clk 0:32:03]} 110. Kf4 {[%clk 0:01:55]} Kg7 {[%clk 0:31:17]} 111. Kf5
{[%clk 0:02:19]} Kf7 {[%clk 0:31:46]} 112. g6+ {[%clk 0:02:35]} Kg7
{[%clk 0:32:15]} 113. Nf4 {[%clk 0:03:00]} Kg8 {[%clk 0:32:05]} 114. Kf6
{[%clk 0:03:23]} Kf8 {[%clk 0:32:32]} 115. g7+ {[%clk 0:03:23]} Kg8
{[%clk 0:32:59]} 1-0

[Event "Wolrd Chess Olympiad 2018"]
[Site "Batumi"]
[Date "2018.09.26"]
[Round "3"]
[Board "3"]
[WhiteFideId "22600094"]
[White "Thomas Saah"]
[BlackFideId "8800170"]
[Black "Lill Sami"]
[Result "0-1"]
[LiveChessVersion "1.4.8"]
[BlackElo "1844"]
[WhiteElo "1791"]

1. e4 {[%clk 1:30:24]} d5 {[%clk 1:30:49]} 2. exd5 {[%clk 1:30:34]} Nf6
{[%clk 1:31:13]} 3. c4 {[%clk 1:30:52]} c6 {[%clk 1:31:37]} 4. dxc6
{[%clk 1:31:03]} Nxc6 {[%clk 1:31:59]} 5. Nc3 {[%clk 1:30:50]} g6
{[%clk 1:31:46]} 6. d3 {[%clk 1:31:01]} Bg7 {[%clk 1:31:45]} 7. h3
{[%clk 1:30:47]} O-O {[%clk 1:31:34]} 8. Nf3 {[%clk 1:30:58]} a6 {[%clk 1:27:42]}
9. Be2 {[%clk 1:31:03]} Re8 {[%clk 1:25:38]} 10. O-O {[%clk 1:31:22]} Qc7
{[%clk 1:25:06]} 11. d4 {[%clk 1:31:02]} Bf5 {[%clk 1:20:30]} 12. Be3
{[%clk 1:29:26]} Rad8 {[%clk 1:19:28]} 13. a3 {[%clk 1:28:25]} b6
{[%clk 1:11:53]} 14. Rc1 {[%clk 1:28:33]} Ne4 {[%clk 1:06:41]} 15. Nd5
{[%clk 1:28:23]} Qb8 {[%clk 1:06:53]} 16. Bf4 {[%clk 1:27:37]} Qb7
{[%clk 1:04:19]} 17. Be3 {[%clk 1:26:29]} e6 {[%clk 1:02:06]} 18. Nc3
{[%clk 1:25:38]} Nxd4 {[%clk 0:59:27]} 19. Nxd4 {[%clk 1:24:44]} e5
{[%clk 0:57:15]} 20. Nd5 {[%clk 1:24:52]} exd4 {[%clk 0:56:04]} 21. Bxd4
{[%clk 1:25:12]} Bh6 {[%clk 0:40:52]} 22. Bf3 {[%clk 1:22:58]} Bxc1
{[%clk 0:29:00]} 23. Qxc1 {[%clk 1:23:18]} f6 {[%clk 0:26:28]} 24. Nxf6+
{[%clk 1:23:07]} Kf7 {[%clk 0:25:49]} 25. Nxe4 {[%clk 1:22:18]} Bxe4
{[%clk 0:22:26]} 26. Qf4+ {[%clk 1:22:31]} Kg8 {[%clk 0:22:23]} 27. Qf6
{[%clk 1:21:57]} Rxd4 {[%clk 0:21:00]} 28. Qxd4 {[%clk 1:22:18]} Bxf3
{[%clk 0:21:12]} 29. gxf3 {[%clk 1:22:46]} Qxf3 {[%clk 0:21:28]} 30. Qd5+
{[%clk 1:23:15]} Qxd5 {[%clk 0:21:45]} 31. cxd5 {[%clk 1:23:43]} Rd8
{[%clk 0:21:51]} 32. Rd1 {[%clk 1:24:11]} Kf7 {[%clk 0:22:13]} 33. f4
{[%clk 1:24:35]} Ke7 {[%clk 0:21:54]} 34. Kf2 {[%clk 1:25:03]} Kd6
{[%clk 0:21:58]} 35. Ke3 {[%clk 1:25:33]} Rc8 {[%clk 0:19:38]} 36. Ke4
{[%clk 1:24:30]} Rc2 {[%clk 0:17:15]} 37. b4 {[%clk 1:24:13]} Rc3
{[%clk 0:17:33]} 38. h4 {[%clk 1:24:14]} Rxa3 {[%clk 0:17:38]} 39. Rc1
{[%clk 1:24:31]} b5 {[%clk 0:15:52]} 40. Rc6+ {[%clk 1:54:58]} Kd7
{[%clk 0:46:07]} 41. h5 {[%clk 1:55:16]} gxh5 {[%clk 0:45:17]} 42. Rh6
{[%clk 1:55:35]} Ra4 {[%clk 0:43:45]} 43. Rxh7+ {[%clk 1:55:49]} Kd6
{[%clk 0:43:43]} 44. Rh6+ {[%clk 1:56:18]} Kd7 {[%clk 0:43:31]} 45. Ke5
{[%clk 1:56:45]} Rxb4 {[%clk 0:41:15]} 46. Rxa6 {[%clk 1:56:58]} Rb1
{[%clk 0:40:46]} 47. Ra7+ {[%clk 1:57:21]} Ke8 {[%clk 0:36:54]} 48. Rh7
{[%clk 1:56:39]} b4 {[%clk 0:31:48]} 49. Rxh5 {[%clk 1:56:39]} b3
{[%clk 0:32:06]} 50. Ke6 {[%clk 1:56:47]} Re1+ {[%clk 0:32:17]} 51. Kd6
{[%clk 1:56:15]} b2 {[%clk 0:32:00]} 52. Rh8+ {[%clk 1:56:40]} Kf7
{[%clk 0:32:21]} 53. Rb8 {[%clk 1:56:21]} b1=Q {[%clk 0:32:41]} 54. Rxb1
{[%clk 1:56:50]} Rxb1 {[%clk 0:32:56]} 55. Kd7 {[%clk 1:56:52]} Rf1
{[%clk 0:17:27]} 56. d6 {[%clk 1:56:57]} Rxf4 {[%clk 0:17:38]} 57. Kd8
{[%clk 1:57:20]} Ke6 {[%clk 0:17:52]} 58. d7 {[%clk 1:57:48]} Rd4
{[%clk 0:18:00]} 59. Kc7 {[%clk 1:53:44]} Rxd7+ {[%clk 0:18:19]} 60. Kc6
{[%clk 1:42:53]} Rd1 {[%clk 0:18:11]} 61. Kc5 {[%clk 1:29:36]} Rd8
{[%clk 0:18:37]} 0-1

[Event "Wolrd Chess Olympiad 2018"]
[Site "Batumi"]
[Date "2018.09.26"]
[Round "3"]
[Board "1"]
[WhiteFideId "1950711"]
[White "Monteiro Antonio"]
[BlackFideId "1126768"]
[Black "Belzo Krzysztof"]
[Result "0-1"]
[LiveChessVersion "1.4.8"]
[BlackElo "2057"]
[WhiteElo "1877"]

1. d4 {[%clk 1:30:56]} g6 {[%clk 1:30:53]} 2. c4 {[%clk 1:30:47]} Bg7
{[%clk 1:31:18]} 3. e4 {[%clk 1:30:27]} c5 {[%clk 1:31:27]} 4. Be3
{[%clk 1:29:53]} Qb6 {[%clk 1:28:06]} 5. e5 {[%clk 1:26:54]} Qxb2
{[%clk 1:27:51]} 6. Nd2 {[%clk 1:26:33]} cxd4 {[%clk 1:26:51]} 7. Bf4
{[%clk 1:25:58]} Nc6 {[%clk 1:24:03]} 8. Ngf3 {[%clk 1:24:51]} Nb4
{[%clk 1:17:02]} 9. Rc1 {[%clk 1:17:58]} d3 {[%clk 1:10:19]} 10. Ne4
{[%clk 1:11:19]} Nc2+ {[%clk 1:08:21]} 11. Kd2 {[%clk 1:09:47]} Nd4+
{[%clk 1:07:21]} 12. Ke3 {[%clk 0:57:37]} Ne6 {[%clk 0:59:18]} 13. Bg3
{[%clk 0:57:00]} Bh6+ {[%clk 0:58:11]} 14. Nfg5 {[%clk 0:47:42]} Nxg5
{[%clk 0:57:33]} 15. Nxg5 {[%clk 0:47:35]} Bxg5+ {[%clk 0:57:55]} 16. f4
{[%clk 0:47:58]} Qxe5+ {[%clk 0:57:55]} 17. Kf3 {[%clk 0:47:57]} Qf6
{[%clk 0:56:00]} 18. Bxd3 {[%clk 0:47:45]} Bh4 {[%clk 0:52:32]} 19. Qe1
{[%clk 0:47:05]} Bxg3 {[%clk 0:52:34]} 20. hxg3 {[%clk 0:47:27]} h5
{[%clk 0:50:29]} 21. c5 {[%clk 0:46:15]} Nh6 {[%clk 0:49:31]} 22. Be4
{[%clk 0:45:36]} O-O {[%clk 0:46:25]} 23. Qe3 {[%clk 0:43:12]} d6
{[%clk 0:39:59]} 24. c6 {[%clk 0:37:12]} bxc6 {[%clk 0:38:42]} 25. Bxc6
{[%clk 0:36:46]} Bg4+ {[%clk 0:38:28]} 26. Kf2 {[%clk 0:36:41]} Rac8
{[%clk 0:36:11]} 27. Rhe1 {[%clk 0:34:18]} Rc7 {[%clk 0:33:20]} 28. Bf3
{[%clk 0:31:13]} Qb2+ {[%clk 0:31:01]} 29. Re2 {[%clk 0:30:00]} Qxc1
{[%clk 0:28:06]} 30. Qxc1 {[%clk 0:30:20]} Rxc1 {[%clk 0:28:30]} 31. Rxe7
{[%clk 0:30:40]} Rc2+ {[%clk 0:28:35]} 32. Re2 {[%clk 0:30:50]} Rxe2+
{[%clk 0:28:56]} 33. Bxe2 {[%clk 0:31:17]} Bxe2 {[%clk 0:29:19]} 34. Kxe2
{[%clk 0:31:34]} Rb8 {[%clk 0:29:39]} 0-1

[Event "Wolrd Chess Olympiad 2018"]
[Site "Batumi"]
[Date "2018.09.26"]
[Round "3"]
[Board "2"]
[WhiteFideId "15600106"]
[White "Mooney Graham"]
[BlackFideId "1928112"]
[Black "Pereira Eder Marcio"]
[Result "1/2-1/2"]
[LiveChessVersion "1.4.8"]
[BlackElo "1781"]
[WhiteElo "1892"]

1. e4 {[%clk 1:30:53]} e6 {[%clk 1:30:48]} 2. Nf3 {[%clk 1:31:08]} d5
{[%clk 1:31:05]} 3. Nc3 {[%clk 1:31:26]} Nf6 {[%clk 1:31:09]} 4. e5
{[%clk 1:31:37]} Nfd7 {[%clk 1:30:51]} 5. d4 {[%clk 1:31:25]} c5 {[%clk 1:31:10]}
6. Bf4 {[%clk 1:30:03]} Be7 {[%clk 1:29:44]} 7. dxc5 {[%clk 1:28:28]} Nc6
{[%clk 1:27:59]} 8. Bd3 {[%clk 1:24:06]} Nxc5 {[%clk 1:28:02]} 9. O-O
{[%clk 1:23:40]} Nxd3 {[%clk 1:26:42]} 10. Qxd3 {[%clk 1:15:24]} a6
{[%clk 1:25:05]} 11. Rfe1 {[%clk 1:13:56]} O-O {[%clk 1:23:51]} 12. a3
{[%clk 1:12:00]} Bd7 {[%clk 1:21:46]} 13. Rad1 {[%clk 1:10:39]} Rc8
{[%clk 1:21:11]} 14. Nd2 {[%clk 1:01:18]} Na5 {[%clk 1:19:08]} 15. Qg3
{[%clk 0:51:48]} Kh8 {[%clk 1:19:08]} 16. Qd3 {[%clk 0:48:13]} Qb6
{[%clk 1:06:21]} 17. b4 {[%clk 0:45:09]} Qc7 {[%clk 1:00:22]} 18. Nxd5
{[%clk 0:43:53]} exd5 {[%clk 1:00:24]} 19. bxa5 {[%clk 0:42:57]} Be6
{[%clk 0:59:18]} 20. Rb1 {[%clk 0:39:13]} Qxa5 {[%clk 0:46:40]} 21. Rxb7
{[%clk 0:38:33]} Rc3 {[%clk 0:46:40]} 22. Qe2 {[%clk 0:37:13]} Qxa3
{[%clk 0:33:50]} 23. Nb1 {[%clk 0:36:53]} Qa5 {[%clk 0:26:46]} 24. Rxe7
{[%clk 0:29:15]} Rc6 {[%clk 0:25:57]} 25. Rb7 {[%clk 0:23:37]} Rxc2
{[%clk 0:21:45]} 26. Qf1 {[%clk 0:21:49]} d4 {[%clk 0:19:02]} 27. Rc1
{[%clk 0:19:29]} d3 {[%clk 0:12:35]} 28. Qxd3 {[%clk 0:18:44]} Rxc1+
{[%clk 0:07:03]} 29. Bxc1 {[%clk 0:19:06]} Rd8 {[%clk 0:07:16]} 30. Qe2
{[%clk 0:14:25]} Bc4 {[%clk 0:05:51]} 31. Qxc4 {[%clk 0:14:46]} Rd1+
{[%clk 0:06:05]} 32. Qf1 {[%clk 0:15:11]} Rxf1+ {[%clk 0:06:27]} 33. Kxf1
{[%clk 0:15:38]} Qxe5 {[%clk 0:04:08]} 34. g3 {[%clk 0:13:49]} h6
{[%clk 0:04:03]} 35. Bf4 {[%clk 0:12:26]} Qe4 {[%clk 0:03:27]} 36. Rb8+
{[%clk 0:12:20]} Kh7 {[%clk 0:03:48]} 37. Nd2 {[%clk 0:10:42]} Qd3+
{[%clk 0:03:30]} 38. Kg2 {[%clk 0:10:53]} g5 {[%clk 0:03:50]} 39. Be3
{[%clk 0:10:55]} Qd5+ {[%clk 0:03:48]} 40. Kg1 {[%clk 0:40:45]} a5
{[%clk 0:33:36]} 41. Rc8 {[%clk 0:34:52]} a4 {[%clk 0:32:03]} 42. Rc5
{[%clk 0:34:14]} Qa8 {[%clk 0:28:08]} 43. Rc7 {[%clk 0:33:43]} Kg6
{[%clk 0:24:32]} 44. Nc4 {[%clk 0:32:54]} Qd5 {[%clk 0:23:24]} 45. Rc5
{[%clk 0:32:06]} Qd1+ {[%clk 0:22:26]} 46. Kg2 {[%clk 0:32:18]} g4
{[%clk 0:22:12]} 47. Ne5+ {[%clk 0:30:36]} Kg7 {[%clk 0:21:04]} 48. Rc4
{[%clk 0:28:18]} Qd5+ {[%clk 0:20:46]} 49. Kg1 {[%clk 0:28:24]} 1/2-1/2

[Event "Wolrd Chess Olympiad 2018"]
[Site "Batumi"]
[Date "2018.09.26"]
[Round "3"]
[Board "3"]
[WhiteFideId "23600110"]
[White "Barros Luis"]
[BlackFideId "15600289"]
[Black "Ponomarenko John"]
[Result "1-0"]
[LiveChessVersion "1.4.8"]
[BlackElo "1631"]
[WhiteElo "1774"]

1. e4 {[%clk 1:30:52]} e6 {[%clk 1:30:47]} 2. Nf3 {[%clk 1:31:04]} d5
{[%clk 1:30:47]} 3. exd5 {[%clk 1:30:01]} exd5 {[%clk 1:31:01]} 4. d4
{[%clk 1:30:11]} Bd6 {[%clk 1:31:12]} 5. c4 {[%clk 1:30:06]} dxc4
{[%clk 1:30:06]} 6. Bxc4 {[%clk 1:29:59]} Bg4 {[%clk 1:27:56]} 7. O-O
{[%clk 1:26:12]} Ne7 {[%clk 1:27:48]} 8. Bxf7+ {[%clk 1:25:40]} Kxf7
{[%clk 1:25:37]} 9. Ng5+ {[%clk 1:25:52]} Ke8 {[%clk 1:22:44]} 10. Qxg4
{[%clk 1:22:54]} Qd7 {[%clk 1:17:59]} 11. Ne6 {[%clk 1:22:00]} g6
{[%clk 1:15:10]} 12. Re1 {[%clk 1:21:46]} Nbc6 {[%clk 1:13:57]} 13. Nc3
{[%clk 1:20:36]} Rf8 {[%clk 1:13:42]} 14. Bh6 {[%clk 1:20:05]} Rf6
{[%clk 1:11:43]} 15. d5 {[%clk 1:19:35]} Ne5 {[%clk 1:09:09]} 16. Qh3
{[%clk 1:18:00]} Nf7 {[%clk 1:02:25]} 17. Ne4 {[%clk 1:17:30]} Rxe6
{[%clk 0:58:25]} 18. dxe6 {[%clk 1:17:06]} Qb5 {[%clk 0:54:40]} 19. Nf6+
{[%clk 1:12:12]} Kd8 {[%clk 0:54:55]} 20. exf7 Nf5 {[%clk 0:54:57]} 21. Re8+
{[%clk 1:12:17]} 1-0

[Event "Wolrd Chess Olympiad 2018"]
[Site "Batumi"]
[Date "2018.09.26"]
[Round "3"]
[Board "4"]
[WhiteFideId "15600238"]
[White "Wilson David"]
[BlackFideId "23600179"]
[Black "Fernandes Luis De Pina"]
[Result "0-1"]
[LiveChessVersion "1.4.8"]
[BlackElo "1654"]
[WhiteElo "1651"]

1. e4 {[%clk 1:30:50]} e5 {[%clk 1:30:25]} 2. Bc4 {[%clk 1:31:14]} Bc5
{[%clk 1:30:20]} 3. Nf3 {[%clk 1:30:05]} Nc6 {[%clk 1:29:55]} 4. O-O
{[%clk 1:28:11]} Nf6 {[%clk 1:30:13]} 5. d3 {[%clk 1:28:33]} h6 {[%clk 1:25:46]}
6. Nc3 {[%clk 1:28:39]} d6 {[%clk 1:25:55]} 7. h3 {[%clk 1:28:29]} O-O
{[%clk 1:24:50]} 8. Be3 {[%clk 1:28:50]} Bb6 {[%clk 1:23:10]} 9. Nd5
{[%clk 1:21:20]} Nxd5 {[%clk 1:21:31]} 10. Bxd5 {[%clk 1:21:46]} Ne7
{[%clk 1:20:59]} 11. Bb3 {[%clk 1:21:41]} c5 {[%clk 1:18:51]} 12. Qd2
{[%clk 1:20:04]} Kh7 {[%clk 1:10:41]} 13. Nh2 {[%clk 1:14:09]} f5
{[%clk 1:08:52]} 14. f4 {[%clk 1:11:51]} exf4 {[%clk 1:05:43]} 15. Rxf4
{[%clk 1:10:08]} Ng6 {[%clk 1:05:17]} 16. Rf2 {[%clk 1:09:07]} f4
{[%clk 1:04:35]} 17. Bxf4 {[%clk 0:47:41]} Nxf4 {[%clk 1:03:43]} 18. Kh1
{[%clk 0:46:08]} Ng6 {[%clk 1:01:29]} 19. Rxf8 {[%clk 0:44:32]} Qxf8
{[%clk 1:01:33]} 20. Rf1 {[%clk 0:44:52]} Qe7 {[%clk 0:59:40]} 21. Rf7
{[%clk 0:38:26]} Qg5 {[%clk 0:59:28]} 22. Qc3 {[%clk 0:37:49]} Ne5
{[%clk 0:57:35]} 23. Rf8 {[%clk 0:28:58]} Qe7 {[%clk 0:53:37]} 24. Rg8
{[%clk 0:23:45]} c4 {[%clk 0:52:09]} 25. Bxc4 {[%clk 0:23:59]} Nxc4
{[%clk 0:52:17]} 26. Qxc4 {[%clk 0:24:20]} Be6 {[%clk 0:50:40]} 27. Qxe6
{[%clk 0:21:18]} Qxe6 {[%clk 0:50:54]} 28. Rxa8 {[%clk 0:21:42]} Qxa2
{[%clk 0:50:11]} 29. Nf3 {[%clk 0:21:51]} Qxb2 {[%clk 0:48:15]} 30. h4
{[%clk 0:21:22]} Qxc2 {[%clk 0:44:29]} 31. h5 {[%clk 0:21:38]} Qxd3
{[%clk 0:41:41]} 32. Nh4 {[%clk 0:21:42]} Qd1+ {[%clk 0:40:10]} 33. Kh2
{[%clk 0:22:01]} Qxh5 {[%clk 0:40:16]} 34. g3 {[%clk 0:22:00]} g5
{[%clk 0:40:14]} 35. e5 {[%clk 0:20:56]} dxe5 {[%clk 0:37:45]} 36. g4
{[%clk 0:20:28]} Qxh4+ {[%clk 0:37:42]} 37. Kg2 {[%clk 0:20:53]} Qxg4+
{[%clk 0:37:57]} 38. Kh2 {[%clk 0:20:44]} Qg1+ {[%clk 0:37:51]} 39. Kh3
{[%clk 0:21:07]} g4+ {[%clk 0:38:05]} 40. Kh4 {[%clk 0:51:20]} Bf2+
{[%clk 1:07:22]} 41. Kh5 {[%clk 0:51:33]} Qh2+ {[%clk 1:07:24]} 42. Kxg4
{[%clk 0:51:53]} Qf4+ {[%clk 1:07:00]} 43. Kh5 {[%clk 0:52:06]} Qg5#
{[%clk 1:07:06]} 0-1